| 000 | 01083nam a2200229 a 4500 | ||
|---|---|---|---|
| 001 | 000027403 | ||
| 003 | OSt | ||
| 005 | 20240409073641.0 | ||
| 008 | 110331d1945 dr c 000 s spa d | ||
| 040 |
_aDO-SdBNP _bspa _cBNPHU |
||
| 082 | 4 |
_aRD865.44 _bT866p _222 |
|
| 100 | 1 |
_aTrujillo Molina, Rafael Leónidas, _d 1891-1961 _976764 |
|
| 245 | 1 | 3 |
_aEl palacio del Partido Dominicano / _cRafael Leónidas Trujillo Molina. |
| 260 |
_aCiudad Trujillo, República Dominicana : _bCosmopolita, _c1945. |
||
| 300 |
_a[46 p.] : _bil., retrs. ; _c23 cm. |
||
| 500 | _aA la cabeza del título: Publicaciones del Partido Dominicano. | ||
| 500 | _aDiscurso de inauguración por el generalísimo Doctor Rafael Leónidas Trujillo Molina. Honorable Presidente de la República. Benefactor de la patria y director y jefe supremo de esta institución y actos celebrado con motivo de la inauguración. | ||
| 590 | _aInventariado, 2018/LP | ||
| 600 | 1 | 0 |
_aTrujillo Molina, Rafael Leónidas, _d1891-1961 _xDiscursos presidenciales _954475 |
| 910 | _aValiado. Control de calidad MFF | ||
| 942 |
_2ddc _cLBS1 |
||
| 999 |
_c26895 _d26895 |
||